000 00333nam a2200121 a 4500
005 20140414131929.0
008 101108s19uu xx 00 eng d
050 _aM 598
_bB53 2006
245 _aBirds :
_bWith Winnie the Pooh and his friends.
260 _bDisney,
_c2006.
440 _aMy very first look at animals
999 _c112173
_d112173